[Event "ch-VIE Women"]
[Site "Da Lat VIE"]
[Date "2011.03.23"]
[Round "5.8"]
[White "Nguyen,Thi Thu Huyen"]
[Black "Le Kieu Thien Kim"]
[Result "0-1"]
[WhiteElo "2090"]
[BlackElo "2252"]

1.d4 d5 2.Nf3 Nf6 3.c4 c6 4.Nc3 dxc4 5.a4 Bf5 6.e3 e6 7.Bxc4 Bb4 8.O-O O-O
9.Qb3 Qe7 10.Nh4 Bg6 11.Nxg6 hxg6 12.Qc2 Rd8 13.Ne2 c5 14.b3 Nc6 15.Bb2 Na5
16.dxc5 Qxc5 17.Bd4 Qe7 18.Rfd1 Rdc8 19.h3 e5 20.Bb2 a6 21.Qd3 e4 22.Qb1 Nxc4
23.bxc4 Rxc4 24.Bd4 Rac8 25.Ra2 a5 26.Nf4 Bd6 27.Bxf6 Qxf6 28.Nd5 Qe6 29.Rad2 Bb4
30.Nf4 Qc6 31.Rd8+ Rxd8 32.Rxd8+ Kh7 33.Qb3 Rc1+ 34.Kh2 Qc7 35.Qd5 Rc5 36.Rd7 Rxd5
37.Rxc7 Bd6 38.g3 Rd2 39.Rd7 Rxf2+ 40.Kg1 Rd2 41.Rxf7 Kg8 42.Rxb7 Bxf4 43.exf4 Rd4
44.Re7 Rxa4 45.Re5 Kf7 46.Kf2 Kf6 47.Ke3 Ra1 48.Rb5 Re1+ 49.Kf2 Ra1 50.Ke3 a4
51.Rb6+ Kf7 52.Kxe4 a3 53.f5 gxf5+ 54.Kf4 a2 55.Rb7+ Kg6  0-1

[Event "ch-VIE Men"]
[Site "Da Lat VIE"]
[Date "2011.03.23"]
[Round "5.9"]
[White "Bao Khoa"]
[Black "Nguyen,Duc Viet"]
[Result "0-1"]
[WhiteElo "2262"]
[BlackElo "2078"]

1.d4 d5 2.c4 c6 3.Nc3 Nf6 4.Nf3 dxc4 5.a4 Bf5 6.e3 e6 7.a5 Bb4 8.Qa4 Qe7
9.Bxc4 O-O 10.O-O Nbd7 11.Be2 b5 12.Qb3 a6 13.h3 h6 14.Rd1 Rfd8 15.Ne5 Nxe5
16.dxe5 Rxd1+ 17.Bxd1 Nd7 18.f4 c5 19.e4 Bxc3 20.Qxc3 Bxe4 21.Bf3 Bd5 22.f5 Re8
23.f6 gxf6 24.Bxd5 exd5 25.Qg3+ Kh7 26.Qd3+ Kh8 27.Qxd5 Nxe5 28.Bxh6 Rg8
29.Be3 Qe6 30.Qxe6 fxe6 31.Bxc5 Nd3 32.Be7 Kg7 33.b3 Kf7 34.Bd6 Rd8 35.Bg3 e5
36.Kf1 Rc8 37.Rd1 Rc1 38.Ke2 Rxd1 39.Kxd1 Ke6 40.Kc2 Nb4+ 41.Kc3 Nc6 42.b4 Kf5
43.Bf2 Ne7 44.Bc5 Nd5+ 45.Kd2 Nf4 46.g4+ Kg5 47.Be3 Kh4 48.Bxf4 exf4 49.Ke2 Kg3  0-1

[Event "FIDE Zonal 3.5 w 2011"]
[Site "Tianjin CHN"]
[Date "2011.03.23"]
[Round "4"]
[White "Huang Qian"]
[Black "Wang Yu A"]
[Result "1/2-1/2"]
[WhiteElo "2394"]
[BlackElo "2398"]

1.d4 d5 2.Nf3 Nf6 3.c4 c6 4.Nc3 dxc4 5.a4 Bf5 6.Ne5 e6 7.e3 Nbd7 8.Nxc4 Bb4
9.Be2 O-O 10.O-O Qc7 11.Qb3 a5 12.Na2 Be7 13.Nc3 Bb4 14.Na2 Be7 15.Nc3  1/2-1/2

[Event "ch-VIE Women"]
[Site "Da Lat VIE"]
[Date "2011.03.25"]
[Round "8.1"]
[White "Doan,T"]
[Black "Hoang Thi Bao Tram"]
[Result "1/2-1/2"]
[WhiteElo "1891"]
[BlackElo "2311"]

1.d4 d5 2.Nf3 c6 3.c4 Nf6 4.Nc3 dxc4 5.a4 Bf5 6.Bg5 Ne4 7.e3 Qa5 8.Bxc4 Nxc3
9.Qd2 b5 10.Bb3 b4 11.bxc3 bxc3 12.Qe2 Nd7 13.Qc4 c2+ 14.Ke2 f6 15.Bf4 Rc8
16.Bxc2 Nb6 17.Qb3 Nd5 18.Bxf5 Nxf4+ 19.exf4 Qxf5 20.Qe3 e6 21.Rhb1 Bd6 22.Rb7 O-O
23.g3 a5 24.Rc1 Rfe8 25.Kf1 Bb4 26.Qe2 Qd5 27.Kg2 Rb8 28.Qa6 c5 29.Rxb8 Rxb8
30.dxc5 Bxc5 31.Qxa5 Rb3 32.Qxc5 Qxf3+ 33.Kg1 Qd5 34.Qe7 h5 35.Qc7 Ra3 36.Qb8+ Kh7
37.Qb1+ f5 38.Qb4 Ra2 39.Qc4 Ra1 40.Qc2 Ra2 41.Qd1 Qxd1+ 42.Rxd1 Rxa4 43.Rd6 Re4
44.Kf1 e5 45.Rd5 exf4 46.Rxf5 Kg6 47.Ra5 Rb4 48.Kg2  1/2-1/2

[Event "ch-VIE Women"]
[Site "Da Lat VIE"]
[Date "2011.03.26"]
[Round "9.3"]
[White "Le Hoang Tran Chau"]
[Black "Doan,T"]
[Result "0-1"]
[WhiteElo "2092"]
[BlackElo "1891"]

1.d4 d5 2.Nf3 Nf6 3.c4 c6 4.Nc3 dxc4 5.a4 Bf5 6.Ne5 e6 7.Nxc4 c5 8.Be3 cxd4
9.Bxd4 Nc6 10.Bxf6 Qxf6 11.e4 Rd8 12.Qc1 Bg6 13.Nd2 Bc5 14.Nf3 Bh5 15.Qg5 Qxg5
16.Nxg5 O-O 17.Bc4 Ne5 18.Bf1 Rd4 19.Nh3 Rfd8 20.Nf4 Rd2 21.Be2 Bxe2 22.Nfxe2 Rxb2
23.O-O Rdd2 24.Rab1 Rxe2 25.Nxe2 Rxe2 26.Rxb7 g6 27.Rb5 Nd3 28.Rd1 Rxe4 29.Kf1 Bb4
30.f3 Rd4 31.g3 Bc3 32.Ke2 Nb2 33.Rxd4 Bxd4 34.a5 e5 35.Rb4 Kf8 36.Kd2 Ke7
37.Kc2 Kd6 38.g4 h6 39.h4 Kd5 40.Rb7 f5 41.h5 gxh5 42.gxf5 e4 43.Rd7+ Ke5
44.Rxd4 Kxd4 45.f6 e3 46.f7 e2 47.Kd2 Nd3 48.Kxe2 Nf4+ 49.Kf2 Ng6 50.Kg3 Ke5  0-1

[Event "ch-NCA 2011"]
[Site "Managua NCA"]
[Date "2011.03.26"]
[Round "10.3"]
[White "Velasquez,Ro"]
[Black "Fonseca Cabrera,E"]
[Result "1/2-1/2"]
[WhiteElo "2035"]
[BlackElo "2091"]

1.Nf3 Nf6 2.c4 c6 3.Nc3 d5 4.d4 dxc4 5.a4 Bf5 6.Ne5 Nbd7 7.Nxc4 Qc7 8.g3 e5
9.dxe5 Nxe5 10.Bf4 Rd8 11.Qb3 Be6 12.Bxe5 Qxe5 13.Qxb7 Qc5 14.Nd2 Be7 15.Bg2 O-O
16.Qxc6 Qb4 17.Qb5 Qd6 18.Nde4 Nxe4 19.Nxe4 Qd4 20.O-O Rb8 21.e3 Rxb5 22.exd4 Rxb2
23.Nc5 Rd8 24.Nxe6 fxe6 25.Rae1 Rxd4 26.Rxe6  1/2-1/2

[Event "ch-Moscow S/F 2011"]
[Site "Moscow RUS"]
[Date "2011.03.26"]
[Round "8"]
[White "Yudkevich,M"]
[Black "Tarasov,O"]
[Result "0-1"]
[WhiteElo "2155"]
[BlackElo "2305"]

1.d4 d5 2.c4 c6 3.Nf3 Nf6 4.Nc3 dxc4 5.a4 Bf5 6.Ne5 Nbd7 7.Nxc4 Nb6 8.Ne5 a5
9.e3 g6 10.Bd3 Bxd3 11.Nxd3 Bg7 12.O-O O-O 13.Qe2 Nfd7 14.Rd1 Qc7 15.b3 e5
16.Ba3 Rfd8 17.Rac1 Qb8 18.Ne4 exd4 19.Bd6 Qa7 20.exd4 Nd5 21.Ne5 f6 22.Nxd7 Rxd7
23.Bg3 Re8 24.Qd3 f5 25.Nc5 Rf7 26.Re1 Rfe7 27.Rxe7 Rxe7 28.Qc4 Qb6 29.Bd6 Re8
30.f4 Re3 31.Be5 Bf8 32.Nd7 Qxb3 33.Nf6+ Kf7 34.Nxd5 cxd5 35.Qc7+ Be7 36.Qc8 Re2
37.Qh8 Qe3+  0-1

[Event "FIDE Zonal 3.5 w 2011"]
[Site "Tianjin CHN"]
[Date "2011.03.27"]
[Round "8"]
[White "Shen Yang"]
[Black "Wang Yu A"]
[Result "1-0"]
[WhiteElo "2443"]
[BlackElo "2398"]

1.d4 d5 2.c4 c6 3.Nf3 Nf6 4.Nc3 dxc4 5.a4 Bf5 6.Ne5 Na6 7.e3 Nb4 8.Bxc4 e6
9.O-O Bd6 10.Qe2 Nc2 11.Rb1 Nd5 12.Bd2 O-O 13.Rbd1 Nb6 14.Bd3 Bxd3 15.Nxd3 Nb4
16.Nc5 a5 17.N3e4 Bb8 18.g3 Qe7 19.Bxb4 axb4 20.b3 f5 21.Nd2 Bd6 22.Rc1 Nd5
23.Qc4 b6 24.Nd3 Nc3 25.Qxc6 Ne2+ 26.Kg2 Nxc1 27.Rxc1 Rab8 28.Nc4 Bc7 29.Qb5 Bd6
30.Nxd6 Qxd6 31.Rc6 Qd7 32.Ne5 Qd5+ 33.Qxd5 exd5 34.Nd7 Rbc8 35.Rxb6 Rfd8
36.Rb7 h6 37.h4 Re8 38.a5 Ra8 39.Rb5 Red8 40.Nb6 Rab8 41.Rxb4 Rd7 42.Rb5 Rd6
43.b4 Kf7 44.h5 Ke6 45.Kf3 Rdd8 46.Kf4 Rd6 47.Nxd5 Rc8 48.Nb6 Rc2 49.f3 Ra2
50.Nc4  1-0

[Event "FIDE Zonal 3.5 w 2011"]
[Site "Tianjin CHN"]
[Date "2011.03.28"]
[Round "9"]
[White "Tan Zhongyi"]
[Black "Shen Yang"]
[Result "0-1"]
[WhiteElo "2428"]
[BlackElo "2443"]

1.d4 d5 2.c4 c6 3.Nf3 Nf6 4.Nc3 dxc4 5.a4 Bf5 6.Ne5 e6 7.f3 c5 8.e4 Bg6 9.d5 exd5
10.Nxg6 hxg6 11.e5 Nfd7 12.Qxd5 Nc6 13.Bf4 Rh4 14.g3 Rxf4 15.gxf4 Qh4+ 16.Kd1 O-O-O
17.Kc1 Nf6 18.Bh3+ Qxh3 19.Qxf7 Qxf3 20.Rd1 Qxf4+ 21.Kb1 Rxd1+ 22.Nxd1 Qf5+
23.Ka2 Nd5 24.Qe8+ Kc7 25.Rc1 Ndb4+ 26.Ka1 Nc2+ 27.Kb1 N2d4+  0-1

[Event "TCh-NOR Attack-serien 2010-11"]
[Site "Oslo NOR"]
[Date "2011.04.01"]
[Round "7"]
[White "Johannessen,LE"]
[Black "Harestad,H"]
[Result "0-1"]
[WhiteElo "2514"]
[BlackElo "2265"]

1.d4 d5 2.c4 c6 3.Nf3 Nf6 4.Nc3 dxc4 5.a4 Bf5 6.e3 e6 7.Bxc4 Bb4 8.O-O O-O
9.Qe2 Bg6 10.Ne5 Nbd7 11.Nxg6 hxg6 12.Rd1 Qa5 13.Qc2 Rad8 14.Na2 Bd6 15.b4 Qh5
16.g3 g5 17.Rb1 e5 18.Bf1 g4 19.Nc3 g6 20.Bg2 Kg7 21.b5 Rh8 22.bxc6 bxc6
23.Ne4 Nxe4 24.Qxe4 Nf6 25.Qxc6 exd4 26.Bb2 Qxh2+ 27.Kf1 Bxg3 28.fxg3 Rc8
29.Qb7 Rb8 30.Qa6 Rxb2 31.Rxb2 Nh5 32.Qd3 Nxg3+ 33.Kf2 Nf5 34.e4 Rh3 35.exf5 Rf3+  0-1

[Event "Telin International Open"]
[Site "Jakarta INA"]
[Date "2011.04.07"]
[Round "9.3"]
[White "Purnama,T"]
[Black "Gagunashvili,M"]
[Result "0-1"]
[WhiteElo "2404"]
[BlackElo "2599"]

1.d4 d5 2.Nf3 Nf6 3.c4 c6 4.Nc3 dxc4 5.a4 Bf5 6.Ne5 Nbd7 7.Nxc4 Qc7 8.g3 e5
9.dxe5 Nxe5 10.Bf4 Nfd7 11.Bg2 f6 12.O-O Nc5 13.e4 Bg6 14.Qe2 Be7 15.Ne3 O-O
16.Nf5 Bf7 17.Rac1 Rfd8 18.Qg4 Bg6 19.Bxe5 Qxe5 20.Rcd1 Bf8 21.h4 Qe8 22.Rxd8 Rxd8
23.Rd1 Rxd1+ 24.Qxd1 a5 25.Bf3 Qd7 26.Qe2 Qd3 27.h5 Bf7 28.Kg2 Bb3 29.Qe1 Qc2
30.Qe3 Qxb2 31.e5 fxe5 32.Nxg7 e4 33.Nxe4 Nxe4 34.Bxe4 Bxg7 35.h6 Bd4 36.Qg5+ Kh8
37.Qf5 Qxf2+ 38.Qxf2 Bxf2 39.Kxf2 Bxa4 40.Ke3 Bb3 41.Kd4 a4 42.Kc3 Bd5 43.Bf5 a3
44.g4 c5 45.Bd7 c4 46.Ba4 b5 47.Bxb5 a2  0-1

[Event "TCh-HUN 2010-11"]
[Site "Budapest HUN"]
[Date "2011.04.10"]
[Round "8"]
[White "Horvath,Dav"]
[Black "Dudas,E"]
[Result "1/2-1/2"]
[WhiteElo "2305"]
[BlackElo "2215"]

1.d4 d5 2.c4 c6 3.Nf3 Nf6 4.Nc3 dxc4 5.a4 Bf5 6.e3 e6 7.Bxc4 Bb4 8.O-O Nbd7
9.Qe2 Bg4 10.e4 Nb6 11.Bb3 Bxf3 12.gxf3 Qxd4 13.a5 Nbd7 14.Ra4 Qc5 15.Be3 Qe7
16.f4 Bxc3 17.bxc3 Nc5 18.Bxc5 Qxc5 19.Rb4 O-O 20.Rxb7 Qxa5 21.Qf3 Rab8 22.Rxb8 Rxb8
23.Bc2 Qc5 24.Qg3 Rd8 25.e5 Nh5 26.Qh4 Rd2 27.Rd1 Rxd1+ 28.Bxd1 g6 29.Bxh5 gxh5
30.Qg5+ Kf8 31.Qd8+  1/2-1/2

[Event "FSFMA April"]
[Site "Budapest HUN"]
[Date "2011.04.11"]
[Round "10"]
[White "Kiss,Pe2"]
[Black "Xu,F"]
[Result "1/2-1/2"]
[WhiteElo "1902"]
[BlackElo "1909"]

1.d4 d5 2.c4 c6 3.Nf3 Nf6 4.Nc3 dxc4 5.a4 Bf5 6.Bf4 e6 7.e3 Bb4 8.Bxc4 O-O
9.O-O Nbd7 10.Qb3 Qe7 11.Na2 Bd6 12.Qxb7 Bxf4 13.exf4 Qd6 14.Ne5 Nb6 15.Be2 Qxd4
16.Nxc6 Qxf4 17.Ne7+ Kh8 18.Nxf5 Qxf5 19.Nc3 Nbd5 20.Nxd5 Nxd5 21.Rfc1 a5
22.Bb5 h5 23.h3 Qg5 24.Rc2 Rab8 25.Qa7 Ra8 26.Qb7 Rab8 27.Qa7 Ra8  1/2-1/2

[Event "ch-SRB w 2011"]
[Site "Belgrade SRB"]
[Date "2011.04.12"]
[Round "2"]
[White "Benderac,A"]
[Black "Eric,J"]
[Result "1/2-1/2"]
[WhiteElo "2305"]
[BlackElo "2230"]

1.d4 d5 2.Nf3 Nf6 3.c4 c6 4.Nc3 dxc4 5.a4 Bf5 6.Ne5 Nbd7 7.Nxc4 Nb6 8.Ne5 a5
9.f3 Nfd7 10.e4 Nxe5 11.dxe5 Qxd1+ 12.Kxd1 Be6 13.Kc2 f6 14.Rb1 Nd7 15.b4 b6
16.Be3 fxe5 17.bxa5 bxa5 18.Be2 g6 19.Rb7 Bg7 20.Rd1 Bf6 21.Nb5 cxb5 22.Bxb5 Rc8+
23.Kb2 Kf7 24.Bxd7 Bxd7 25.Rdxd7 Rc4 26.Kb3 Rhc8 27.Bd2 Rc2 28.g4 Bg5 29.Bxa5 Rf2
30.Rd3 Rc1 31.Bb4 Rb1+ 32.Kc4 Rc2+ 33.Rc3 Rcb2 34.Rd3 Rc2+ 35.Rc3 Rcb2 36.Kc5 Ra2
37.a5 Bd2 38.Rc4 Bxb4+ 39.Rcxb4 Rxa5+ 40.R7b5 Rxb4 41.Kxb4 Ra2 42.Kc4 Rf2
43.Kd5 Rxf3 44.Kxe5 Rf2 45.Rb3 Rf6  1/2-1/2

[Event "13th Dubai Open"]
[Site "Dubai UAE"]
[Date "2011.04.12"]
[Round "3"]
[White "Guliev,Sarh"]
[Black "Andriasian,Z"]
[Result "1-0"]
[WhiteElo "2497"]
[BlackElo "2645"]

1.d4 d5 2.c4 c6 3.Nf3 Nf6 4.Nc3 dxc4 5.a4 Bf5 6.e3 e6 7.Bxc4 Bb4 8.O-O O-O
9.Nh4 Nbd7 10.f3 Nb6 11.Bb3 Bg6 12.Nxg6 hxg6 13.e4 a5 14.Be3 Nfd7 15.f4 c5
16.f5  1-0

[Event "TCh-CZE 2010-11"]
[Site "Czech Rep CZE"]
[Date "2011.04.16"]
[Round "10.1"]
[White "Babula,V"]
[Black "Miton,K"]
[Result "1-0"]
[WhiteElo "2536"]
[BlackElo "2616"]

1.d4 d5 2.c4 c6 3.Nf3 Nf6 4.Nc3 dxc4 5.a4 Bf5 6.Nh4 Bc8 7.e3 e5 8.Bxc4 exd4
9.exd4 Be7 10.O-O O-O 11.Re1 Na6 12.Nf3 Nb4 13.Ne5 Nfd5 14.a5 Be6 15.Qb3 Qc8
16.Bd2 b5 17.axb6 axb6 18.Rac1 Qb7 19.Nxd5 Nxd5 20.Nxc6 Qxc6 21.Bxd5 Qxd5
22.Qxd5 Bxd5 23.Rxe7 Rfd8 24.h3 h6 25.Rce1 Bc6 26.Bc3 Rd6 27.Kh2 Rg6 28.f3 Rd8
29.R1e5 Rg5 30.Re3 Rgd5 31.Rc7 Bd7 32.Rb7 Rd6 33.g4 Be6 34.f4 Bd5 35.Rbe7 Bc6
36.Rc7 Bd5 37.f5 Rc6 38.Rce7 Rcc8 39.Kg3 Ra8 40.Kf4 Bc4 41.Re1 Bd5 42.h4 Bc4
43.Rb7 b5 44.g5 hxg5+ 45.hxg5 Rab8 46.Rxb8 Rxb8 47.Bb4 Rd8 48.Bc5 Bb3 49.Re3 Bc4
50.b4 Kh7 51.Rh3+ Kg8 52.Re3 Rd7 53.g6 Rd8 54.Kg5 fxg6 55.fxg6 Ba2 56.Re7 Kh8
57.Rb7 Bc4 58.Kf4 Kg8 59.Bd6 Bd5 60.Rxb5 Bc6 61.Rb6  1-0

[Event "17th Schloss Open A"]
[Site "Werther GER"]
[Date "2011.04.16"]
[Round "4"]
[White "Lehmann,Ho"]
[Black "Hess,C1"]
[Result "1-0"]
[WhiteElo "2163"]
[BlackElo "2239"]

1.d4 d5 2.c4 c6 3.Nf3 Nf6 4.Nc3 dxc4 5.a4 Bf5 6.Ne5 Nbd7 7.Nxc4 Nb6 8.Ne5 a5
9.Bg5 g6 10.f3 Bg7 11.e4 Be6 12.Be3 O-O 13.Be2 Ne8 14.O-O Nd6 15.Bf2 Rc8
16.Nd3 Nd7 17.Nc5 Nxc5 18.dxc5 Nc4 19.Qc1 Qd2 20.Rd1 Qxc1 21.Rdxc1 Rfd8 22.h4 Nxb2
23.Rab1 Nd3 24.Bxd3 Rxd3 25.Ne2 Rb3 26.Nd4 Rxb1 27.Rxb1 Rc7 28.Nxe6 fxe6
29.Rd1 Bc3 30.Rd3 Bb4 31.Rd8+ Kf7 32.e5 Bc3 33.f4 Bb2 34.g3 h6 35.Kg2 g5
36.hxg5 hxg5 37.Be1 b6 38.cxb6 Rb7 39.Bxa5 gxf4 40.gxf4 Ba3 41.Rc8 c5 42.Rc7 Rb8
43.b7 Bb4 44.Bb6 Bc3  1-0

[Event "Zagreb Open B"]
[Site "Zagreb CRO"]
[Date "2011.04.16"]
[Round "6.17"]
[White "Muskardin,M"]
[Black "Levar,N"]
[Result "1-0"]
[WhiteElo "2192"]
[BlackElo "2077"]

1.c4 Nf6 2.Nf3 c6 3.d4 d5 4.Nc3 dxc4 5.a4 Bf5 6.e3 e6 7.Bxc4 Bb4 8.O-O Nbd7
9.Bd3 Bg4 10.e4 O-O 11.Bg5 Qa5 12.e5 Nd5 13.Ne4 c5 14.Bb5 Nb8 15.dxc5 Na6
16.Qd4 Bh5 17.Rac1 Nac7 18.Nd6 Rab8 19.Qh4 Nxb5 20.axb5 Bg6 21.Rfd1 Rfc8
22.Nxc8 Rxc8 23.c6 b6 24.Qc4 Nc7 25.Rd8+ Rxd8 26.Bxd8  1-0

[Event "TCh-CZE 2010-11"]
[Site "Czech Rep CZE"]
[Date "2011.04.17"]
[Round "11.5"]
[White "Studnicka,Toma"]
[Black "Haba,P"]
[Result "1/2-1/2"]
[WhiteElo "2348"]
[BlackElo "2529"]

1.d4 d5 2.c4 c6 3.Nf3 Nf6 4.Nc3 dxc4 5.a4 Bf5 6.e3 e6 7.Bxc4 Bb4 8.O-O Nbd7
9.Qe2 O-O 10.e4 Bg6 11.Bd3 h6 12.Bd2 Qe7 13.a5 a6 14.Ra4 c5 15.e5 Nh7 16.Bxg6 fxg6
17.dxc5 Bxc5 18.Qe4 b5 19.axb6 Nxb6 20.Ra5 Bb4 21.Ra2 g5 22.Nd4 a5 23.Nc6 Qd7
24.Be3 Nd5 25.Nxb4 Nxe3 26.Qxe3 axb4 27.Rxa8 Rxa8 28.Qe4 Rb8 29.Rd1 Qa7 30.Ne2 Nf8
31.h3 Qb7 32.Qd4 Ng6 33.Qc4 Qc8 34.Qe4 Ne7 35.f4 Nf5 36.fxg5 hxg5 37.Kh2 Qc7
38.Rc1 Qb7 39.Qc4 Re8 40.Qc6 Qb8 41.Rc5 Qa8 42.Ng3 Qxc6 43.Rxc6 Nxg3 44.Kxg3 Kf7
45.Rb6 Rd8 46.Rxb4 Rd2 47.Kf3 Kg6 48.g4 Rd3+ 49.Ke4 Rxh3 50.Kd4 Rh2 51.b3 Rd2+
52.Ke3 Rg2 53.Kd3 Rg3+ 54.Ke2 Rg2+ 55.Kf3 Rd2 56.Rb6 Kf7 57.Rd6 Rb2 58.Rd7+ Kf8
59.Rb7 Rd2 60.Ke3 Rg2 61.Kf3 Rd2 62.Ke3 Rg2 63.Kd4 Rxg4+ 64.Kc5 Rh4 65.Kd6 Rh6
66.Rc7 g4 67.b4 g3 68.Rc1 g2 69.Rg1 Rg6 70.b5 Kf7 71.b6 Rg3 72.b7 Rd3+ 73.Kc5 Rb3
74.Kc6 Rc3+ 75.Kd6 Rd3+ 76.Kc6 Rc3+  1/2-1/2

[Event "TCh-CZE 2010-11"]
[Site "Czech Rep CZE"]
[Date "2011.04.17"]
[Round "11.8"]
[White "Frolik,M"]
[Black "Straka,Jos"]
[Result "1/2-1/2"]
[WhiteElo "2211"]
[BlackElo "2335"]

1.d4 d5 2.c4 c6 3.Nf3 Nf6 4.Nc3 dxc4 5.a4 Bf5 6.e3 e6 7.Bxc4 Bb4 8.O-O O-O
9.Qe2 Ne4 10.Nxe4 Bxe4 11.Rd1 Nd7 12.Bd2 a5 13.Bxb4 axb4 14.Nd2 Bg6 15.Bb3 Qe7
16.Nc4 Ra6 17.Rac1 Rfa8 18.f3 Nb6 19.Nxb6 Rxb6 20.e4 h6 21.Qf2 Rba6 22.Qc2 Ra5
23.Qf2 Kh7 24.Rc4 R8a6 25.Qe1 Rb6 26.Qf2 Rba6 27.Qe1 Rb6 28.Qf2  1/2-1/2

[Event "Norsk Open A"]
[Site "Fagernes NOR"]
[Date "2011.04.17"]
[Round "5"]
[White "Pham,To"]
[Black "Christiansen,Johan-Sebastian"]
[Result "1-0"]
[WhiteElo "2086"]
[BlackElo "1924"]

1.d4 d5 2.c4 c6 3.Nf3 Nf6 4.Nc3 dxc4 5.a4 Bf5 6.Ne5 Nbd7 7.Nxc4 e6 8.f3 Bb4
9.e4 Bg6 10.Be3 O-O 11.Be2 Re8 12.O-O c5 13.Nd6 Rf8 14.Nxb7 Qb6 15.Nxc5 Bxc5
16.dxc5 Qxb2 17.Qc1 Qb4 18.Rb1 Qa5 19.c6 Nb8 20.Rb5 Qc7 21.Rc5 a6 22.a5 Rd8
23.Na4 e5 24.Nb6 Ra7 25.Rd1 Rxd1+ 26.Qxd1 h5 27.Qc1 h4 28.Bg5 Nh5 29.Nd5 Qc8
30.c7 Rxc7 31.Rxc7 Qe6 32.Rc8+ Kh7 33.Rxb8 Qd6 34.Rb6 Qd7 35.Qc6  1-0

[Event "Norsk Open A"]
[Site "Fagernes NOR"]
[Date "2011.04.17"]
[Round "8"]
[White "Lindblom,R"]
[Black "Christiansen,Johan-Sebastian"]
[Result "0-1"]
[WhiteElo "1974"]
[BlackElo "1924"]

1.d4 d5 2.c4 c6 3.Nf3 Nf6 4.Nc3 dxc4 5.a4 Bf5 6.e3 e6 7.Bxc4 Bb4 8.O-O Nbd7
9.Bd2 O-O 10.Qe2 Bg6 11.Rac1 Nb6 12.Bb3 Bh5 13.h3 Bxc3 14.Bxc3 Ne4 15.Bc2 Ng5
16.Kh2 Qd6+ 17.Kh1 f5 18.Bd1 Rf6 19.d5 Rh6 20.Be5 Qxd5 21.Bf4 Bxf3 22.gxf3 Rxh3+
23.Kg2 Rh5 24.Rh1 Rxh1 25.Kxh1 Nh3 26.Bg3 Ng5 27.Kg2 Rf8 28.Rc3 Qd7 29.Bh4 Nf7
30.Rd3 Nd5 31.Bg3 Qe7 32.Bb3 Qg5 33.f4 Qg6 34.Rd1 Nd6 35.Rh1 Ne4 36.Qh5 Rf6
37.Qxg6 Rxg6 38.Bxd5 exd5 39.Rd1 Nxg3 40.fxg3 Re6 41.Kf3 Re4 42.b3 Rb4 43.Rd3 Kf7
44.Ke2 Kg6 45.Kf3 Kf6 46.g4 fxg4+ 47.Kxg4 Re4 48.Kf3 Kf5 49.Rd1 Re6 50.Rg1 Rg6
51.Rh1 Rh6 52.Rg1 Kf6 53.Rd1 Rh3+ 54.Ke2 Rh2+ 55.Kf3 Rb2 56.Rd3 Kf5 57.Rc3 h6
58.Rd3 h5 59.Kg3 Ke4  0-1

[Event "TCh-HUN 2010-11"]
[Site "Mako HUN"]
[Date "2011.04.17"]
[Round "9"]
[White "Csonka,B"]
[Black "Straubinger,D"]
[Result "1/2-1/2"]
[WhiteElo "2263"]
[BlackElo "2235"]

1.d4 d5 2.c4 c6 3.Nf3 Nf6 4.Nc3 dxc4 5.a4 Bf5 6.Ne5 Nbd7 7.Nxc4 Qc7 8.g3 e5
9.dxe5 Nxe5 10.Bf4 Nfd7 11.Bg2 g5 12.Ne3 gxf4 13.Nxf5 O-O-O 14.Qc2 Kb8 15.O-O fxg3
16.hxg3 h5 17.Rfc1 Ng4 18.b4 h4 19.Nxh4 Rxh4 20.gxh4 Qh2+ 21.Kf1 Qf4 22.Bf3 Nh2+
23.Kg2 Bh6 24.Qe4 Rg8+ 25.Kh3 Nxf3 26.exf3 Qf6 27.Rg1 Rxg1 28.Rxg1 Qxc3 29.Qe8+ Kc7
30.Qxf7 Qd2 31.h5 Bf8 32.b5 c5 33.a5 Qxf2 34.b6+ axb6 35.axb6+ Kxb6 36.Rb1+ Ka7
37.Rxb7+ Kxb7 38.Qxd7+ Kb6 39.Qd8+ Kb5 40.Qxf8 Qf1+ 41.Kg4 Qg2+ 42.Kf4 Qh2+
43.Kg5 Qg3+ 44.Kh6 c4 45.f4 c3 46.Qf5+ Kc4 47.Qe4+ Kb3 48.Qb1+  1/2-1/2

[Event "ch-Lower Rhine 2011"]
[Site "Solingen GER"]
[Date "2011.04.17"]
[Round "2.3"]
[White "Brueggemann,Ju"]
[Black "Heinert,E"]
[Result "1/2-1/2"]
[WhiteElo "2194"]
[BlackElo "2180"]

1.d4 d5 2.Nf3 Nf6 3.c4 c6 4.Nc3 dxc4 5.a4 Bf5 6.e3 e6 7.Bxc4 Bb4 8.O-O Nbd7
9.Qb3 a5 10.Rd1 O-O 11.Bd2 Qc7 12.Rac1 Rad8 13.Ne2 Bd6 14.Ng3 Bg4 15.Be2 e5
16.dxe5 Nxe5 17.Bc3 Nxf3+ 18.Bxf3 Bxf3 19.gxf3 Nd5 20.Kh1 Nxc3 21.Qxc3 Be5
22.Qc2 Qb6 23.b3 Rfe8 24.Kg2 g6 25.f4 Bg7 26.h4 Qb4 27.h5 f5 28.hxg6 hxg6
29.Kf3 Kf7 30.Ke2 Rxd1 31.Rxd1 Re7 32.Qd3 Qxf4 33.Kf1 Qe5 34.Kg2 Qe6 35.Kg1 Be5
36.Kg2 Bxg3 37.Kxg3 Qe5+ 38.Kg2 Qe4+ 39.Qxe4 Rxe4 40.Rd7+ Re7 41.Rd6 Kg7
42.Kf3 Kh6 43.Ke2 f4 44.Kf3 fxe3 45.fxe3 Kh5 46.Rd8 Rf7+ 47.Kg3 Rf5 48.Rh8+ Kg5
49.Ra8 Rd5 50.Kf3 Kh4 51.Rg8 Kg5 52.Ra8 Rd3 53.Rxa5+ Kh4 54.b4 Rb3 55.b5 cxb5
56.axb5 g5 57.Ra8 g4+ 58.Kf4 Rxb5 59.Rh8+ Rh5 60.Rg8 Rb5 61.Rh8+ Rh5 62.Rg8 Rb5  1/2-1/2

[Event "1st CHN-w Masters"]
[Site "Jiangsu Wuxi CHN"]
[Date "2011.04.19"]
[Round "4"]
[White "Zhao Xue"]
[Black "Wang Yu A"]
[Result "1/2-1/2"]
[WhiteElo "2495"]
[BlackElo "2398"]

1.d4 d5 2.c4 c6 3.Nc3 Nf6 4.Nf3 dxc4 5.a4 Bf5 6.e3 e6 7.Bxc4 Bb4 8.O-O Nbd7
9.Qe2 Bg6 10.e4 O-O 11.Bd3 Bh5 12.e5 Nd5 13.Nxd5 cxd5 14.Qe3 Re8 15.Ng5 Bg6
16.h4 Bxd3 17.Qxd3 Nf8 18.h5 h6 19.Nf3 Qa5 20.Nh2 Nh7 21.Ng4 Bf8 22.f4 Qa6
23.Qg3 Kh8 24.Bd2 Qb6 25.Qd3 Qa6 26.Qf3 Qb6 27.Qd3 Qa6 28.Qf3 Qb6 29.Qd3 Qa6  1/2-1/2

[Event "Easter Open"]
[Site "Norrkoping SWE"]
[Date "2011.04.22"]
[Round "3"]
[White "Lindgren,P"]
[Black "Henriksson,Jo"]
[Result "1/2-1/2"]
[WhiteElo "2109"]
[BlackElo "2272"]

1.d4 d5 2.c4 c6 3.Nf3 Nf6 4.Nc3 dxc4 5.a4 Bf5 6.e3 e6 7.Bxc4 Be7 8.O-O O-O
9.Qe2 Nbd7 10.e4 Bg6 11.Rd1 Re8 12.Bf4 a6 13.e5 Nd5 14.Nxd5 cxd5 15.Bd3 Rc8
16.g3 Bxd3 17.Qxd3 Qa5 18.Bg5 Bxg5 19.Nxg5 Nf8 20.Rdc1 h6 21.Nh3 Ng6 22.b3 Rc7
23.Rc2 Rxc2 24.Qxc2 Ne7 25.Qb2 Rc8 26.b4 Qc7 27.Nf4 Qc3 28.Rb1 Qxb2 29.Rxb2 Rc4
30.Nd3 b6 31.a5 bxa5 32.bxa5 Nc6 33.Rb6 Nxa5 34.Rxa6 Nb3 35.Ra8+ Kh7 36.Ra7 Rxd4
37.Nf4 Re4 38.Rxf7 Rxe5 39.h4 Nd4 40.Kf1 Nf3 41.h5 d4 42.Re7 Ng5 43.Re8 Nf7
44.Rxe6 d3 45.Rxe5 Nxe5 46.Ke1 Kg8 47.Kd2 Ng4 48.Nxd3 Kf7 49.Ke2 Nf6 50.Nf4 Nd7
51.f3 Ne5 52.g4 Nc4 53.Kd3 Ne5+ 54.Ke4 Nc6 55.Nd3 Nd8 56.Ne5+ Kf6 57.f4 Ne6
58.Nd7+ Ke7 59.Ne5 Kf6 60.Nf3 Nc5+ 61.Ke3 Ne6 62.Nd4 Nc5 63.Nf5 Ne6 64.Kf3 Nc5
65.Kg3 Ne4+ 66.Kh4 Nc5 67.Nxh6 gxh6 68.g5+ Kg7 69.Kg4 Nd7 70.Kf5 Nf8 71.gxh6+ Kxh6
72.Kf6 Kxh5 73.f5 Nh7+ 74.Kg7 Kg5 75.f6 Nxf6  1/2-1/2

[Event "57th ch-WLS"]
[Site "Cardiff WLS"]
[Date "2011.04.23"]
[Round "2.10"]
[White "Morris,Ga"]
[Black "Ralphs,Nigel"]
[Result "1/2-1/2"]
[WhiteElo "2131"]
[BlackElo "1932"]

1.d4 d5 2.c4 c6 3.Nc3 Nf6 4.Nf3 dxc4 5.a4 Bf5 6.Ne5 Nbd7 7.Nxc4 Nb6 8.Ne5 a5
9.g3 e6 10.Bg2 Bb4 11.O-O O-O 12.f3 c5 13.dxc5 Bxc5+ 14.Kh1 Qxd1 15.Rxd1 Bc2
16.Rf1 Bd4 17.f4 Bxc3 18.bxc3 Nxa4 19.Bxb7 Rab8 20.Bf3 Nxc3 21.Rxa5 Be4  1/2-1/2

[Event "57th ch-WLS"]
[Site "Cardiff WLS"]
[Date "2011.04.23"]
[Round "3.8"]
[White "Fathallah,J"]
[Black "Garcia,Jas"]
[Result "1/2-1/2"]
[WhiteElo "1906"]
[BlackElo "2010"]

1.d4 d5 2.c4 c6 3.Nc3 Nf6 4.Nf3 dxc4 5.a4 Bf5 6.e3 e6 7.Bxc4 Bb4 8.O-O O-O
9.Ne5 Nbd7 10.f4 a5 11.Qf3 Rc8 12.h3 Bxc3 13.bxc3 Be4 14.Qe2 Re8 15.Bd3 c5
16.Ba3 cxd4 17.cxd4 Rc3 18.Rfc1 Bxd3 19.Nxd3 Ne4 20.Rxc3 Nxc3 21.Qb2 Nxa4
22.Qxb7 Nc3 23.Ne5 Nxe5 24.fxe5 Qd5 25.Qxd5 Nxd5 26.Bc1  1/2-1/2

[Event "15th Neckar Open"]
[Site "Deizisau GER"]
[Date "2011.04.23"]
[Round "5"]
[White "Erdos,V"]
[Black "Hirneise,T"]
[Result "1-0"]
[WhiteElo "2597"]
[BlackElo "2431"]

1.d4 d5 2.c4 c6 3.Nf3 Nf6 4.Nc3 dxc4 5.a4 Bf5 6.Nh4 Bc8 7.e3 e5 8.Bxc4 exd4
9.exd4 Be7 10.O-O O-O 11.Re1 Na6 12.Bg5 Nc7 13.Qb3 Nfd5 14.Bxe7 Nxe7 15.Nf3 Rb8
16.Ne5 Be6 17.Bxe6 Nxe6 18.Rad1 Nf4 19.Ne4 b6 20.Qg3 Nfd5 21.Qh3 Rb7 22.Rd2 Rc7
23.Rc1 Qc8 24.Qb3 Qf5 25.Re1 Ng6 26.Ng3 Qf4 27.Rdd1 Nxe5 28.dxe5 Re8 29.Re4 Qg5
30.h4 Qg6 31.Qf3 Qe6 32.Nf5 Rd7 33.Nd4 Qh6 34.Nf5 Qe6 35.Nd4 Qh6 36.Rde1 Ne7
37.e6 fxe6 38.Nxe6 Nd5 39.Ng5 Rxe4 40.Rxe4 Nf6 41.Qb3+ Rd5 42.Rc4 c5 43.Rxc5  1-0

[Event "15th Neckar Open"]
[Site "Deizisau GER"]
[Date "2011.04.23"]
[Round "5"]
[White "Gajewski,G"]
[Black "Burg,T"]
[Result "1/2-1/2"]
[WhiteElo "2567"]
[BlackElo "2432"]

1.d4 d5 2.c4 c6 3.Nf3 Nf6 4.Nc3 dxc4 5.a4 Bf5 6.e3 e6 7.Bxc4 Bb4 8.O-O O-O
9.Qe2 Bg4 10.h3 Bh5 11.Rd1 Nbd7 12.e4 Qe7 13.g4 Bg6 14.Nh4 e5 15.d5 a5 16.Bg5 Rfe8
17.Rd3 Nb6 18.Bb3 Bxc3 19.Nxg6 hxg6 20.d6 Qd7 21.bxc3 c5 22.Rd2 Rac8 23.Bxf6 c4
24.Qe3 Rc6 25.Bxg7 Kxg7 26.Bc2 Re6 27.Rb1 Nc8 28.Rxb7 Qxb7 29.d7 Rcd6 30.d8=Q Rxd8
31.Rxd8 Qc7 32.Rd5 Rb6 33.Rxa5 Rb1+ 34.Bxb1 Qxa5 35.Bc2 Nb6 36.Qe1 Nd7 37.Qd2 Nc5
38.Qd5 Qxc3 39.Qxc5 Qxc2 40.Qxe5+ Kh7 41.a5 c3 42.Kg2 Qd3 43.a6 c2 44.Qf4 Qxa6
45.Qxf7+ Kh6 46.Qf8+ Kh7 47.Qe7+ Kh6 48.g5+ Kh5 49.Kg3 Qd3+ 50.f3 Qxf3+ 51.Kxf3 c1=Q
52.Qf6 Qf1+ 53.Ke3 Qxh3+ 54.Kd4 Qd7+ 55.Ke5 Qb5+ 56.Kd4 Qb4+ 57.Kd3 Qb1+
58.Kd4  1/2-1/2